000 00838nam a22002657a 4500
003 OSt
005 20250729035239.0
008 250729b |||||||| |||| 00| 0 eng d
020 _a978-1-319-03977-6
040 _aDWC-Main Lib
_cOC
082 _aRes. 400 C761 2017
100 _aGrady, William O'
245 _aContemporary linguistics :
_ban introduction/
_cWilliam O' Grady [and three others]
250 _aSeventh edition
260 _aBoston :
_bBedford/ St. Martin's,
_cc2017.
300 _axxxiii, 636 pages :
_billustrations ;
_c24cm.
650 _a1. Linguistics.
650 _a2. Grammar, Comparative and General.
650 _a3. Phonetics.
650 _a4. Semantics.
700 _aArchibald, John
700 _aArnoff, Mark
700 _aRees-Miller, Janie
942 _2ddc
_cBK-0 CIRC
_eSeventh edition
_kRes.
_n0
999 _c3857
_d3857